British Birds by Picture - Gulls - Statistics

General Stats
  • This quiz has been taken 13 times
  • The average score is 16 of 26
Answer Stats
Picture Hint Answer % Correct
Chroicocephalus ridibundus Black-Headed Gull
100%
Larus argentatus European Herring Gull
100%
Larus marinus Great Black-Backed Gull
100%
Ichthyaetus melanocephalus Mediterranean Gull
100%
Larus canus Common Gull
89%
Larus fuscus Lesser Black-Backed Gull
89%
Rissa tridactyla (*) Black-Legged Kittiwake
78%
Hydrocoloeus minitus Little Gull
78%
Larus michahellis Yellow-Legged Gull
78%
Larus hyperboreus Glaucous Gull
67%
Rhodostethia rosea Ross's Gull
67%
Chroicocephalus genei Slender-Billed Gull
67%
Larus smithsonianus American Herring Gull
56%
Chroicocephalus philadelphia Bonaparte's Gull
56%
Larus cachinnans Caspian Gull
56%
Larus glaucoides Iceland Gull
56%
Larus dominicanus Kelp Gull
56%
Ichthyaetus ichthyaetus Pallas's Gull
56%
Larus delawarensis Ring-Billed Gull
56%
Xema sabini Sabine's Gull
56%
Ichthyaetus audouinii Audouin's Gull
33%
Pagophila eburnea Ivory Gull
33%
Leucophaeus atricilla Laughing Gull
33%
Larus schistisagus Slaty-Backed Gull
33%
Leucophaeus pipixcan Franklin's Gull
22%
Larus glaucescens Glaucous-Winged Gull
22%
No matching quizzes found
Score Distribution
Percent of People with Each Score
Percentile by Number Answered
Your Score History
You have not taken this quiz